[Event "North Shore op-A"]
[Site "Auckland"]
[Date "2010.10.09"]
[Round "3"]
[White "Gao, Judy"]
[Black "Rivas Villanueva, Andrea"]
[Result "0-1"]
[WhiteElo "1903"]
[BlackElo "2015"]
[PlyCount "64"]
[EventDate "2010.10.09"]
[EventType "swiss"]
[EventRounds "5"]
[EventCountry "NZL"]
[SourceTitle "EXT 2018"]
[Source "ChessBase"]
[SourceDate "2017.10.13"]
[SourceVersion "1"]
[SourceVersionDate "2017.10.13"]
[SourceQuality "1"]

1. d4 d5 2. Bf4 Bf5 3. c4 e6 4. Qb3 Nc6 5. e3 Bxb1 6. Rxb1 Bb4+ 7. Kd1 Bd6 8. cxd5 exd5 9. Qxb7 Nge7 10. Bb5 0-0 11. Bxc6 Rb8 12. Bxd6 Rxb7 13. Bxe7 Qxe7 14. Bxb7 Qe4 15. Rc1 Qxg2 16. Bxd5 Qxd5 17. f3 Re8 18. Rxc7 Qxa2 19. Rc2 Qa4 20. Kd2 Qb3 21. Rc3 Qxb2+ 22. Rc2 Qb4+ 23. Rc3 Rxe3 24. Kxe3 Qxc3+ 25. Ke2 Qc2+ 26. Kf1 a5 27. d5 a4 28. d6 a3 29. d7 Qd1+ 30. Kf2 Qxd7 31. Ne2 Qd2 32. Rb1 g6 0-1

[Event "NZL-ch Major"]
[Site "Auckland"]
[Date "2010.01.12"]
[Round "11"]
[White "Rivas Villanueva, Andrea"]
[Black "Wu, Shirley"]
[Result "1-0"]
[WhiteElo "2049"]
[BlackElo "1670"]
[PlyCount "65"]
[EventDate "2010.01.02"]
[EventType "swiss"]
[EventRounds "11"]
[EventCountry "NZL"]
[SourceTitle "CBM 134 Extra"]
[Source "ChessBase"]
[SourceDate "2010.03.03"]
[SourceVersion "1"]
[SourceVersionDate "2010.03.03"]
[SourceQuality "1"]

1. e4 c5 2. Nf3 d6 3. c3 e6 4. d4 d5 5. e5 Nc6 6. Bd3 Bd7 7. 0-0 h6 8. Re1 c4 9. Bc2 Nge7 10. Nh4 g5 11. Nf3 Nf5 12. h3 Be7 13. Nbd2 Qc7 14. Nf1 Rg8 15. N3h2 0-0-0 16. Ng4 Rh8 17. b3 b5 18. a4 Qa5 19. Bd2 b4 20. cxb4 Bxb4 21. bxc4 Ncxd4 22. Bxb4 Qxb4 23. Bxf5 exf5 24. Qxd4 fxg4 25. Reb1 Qa5 26. cxd5 Rde8 27. Ra2 Rhg8 28. Rc2+ Kd8 29. d6 Bf5 30. Rb8+ Kd7 31. Rb7+ Kd8 32. Rcc7 Bc8 33. Rb8 1-0

[Event "NZL-ch Major"]
[Site "Auckland"]
[Date "2010.01.04"]
[Round "3"]
[White "Booth, Anthony"]
[Black "Rivas Villanueva, Andrea"]
[Result "1-0"]
[WhiteElo "1784"]
[BlackElo "2049"]
[PlyCount "57"]
[EventDate "2010.01.02"]
[EventType "swiss"]
[EventRounds "11"]
[EventCountry "NZL"]
[SourceTitle "CBM 134 Extra"]
[Source "ChessBase"]
[SourceDate "2010.03.03"]
[SourceVersion "1"]
[SourceVersionDate "2010.03.03"]
[SourceQuality "1"]

1. d4 d5 2. c4 Bf5 3. Nc3 e6 4. c5 Nf6 5. Nf3 Be7 6. Bf4 Nc6 7. a3 0-0 8. b4 Nh5 9. Bc1 a6 10. e3 Re8 11. Ne5 Nxe5 12. dxe5 Bg6 13. Be2 Nf6 14. exf6 Bxf6 15. Bb2 d4 16. exd4 Bxd4 17. 0-0 Qf6 18. Qb3 Rad8 19. Bf3 b6 20. Bc6 Rf8 21. Na4 bxc5 22. Bxd4 cxd4 23. Nc5 e5 24. Bb7 Rd6 25. Qc4 Qf4 26. Bxa6 e4 27. Nxe4 Bxe4 28. Qxc7 Rxa6 29. Qxf4 1-0